International student built environment journal (Record no. 119412)

MARC details
000 -LEADER
fixed length control field 01152cas a22002055 4500
001 - CONTROL NUMBER
control field L158937
008 - FIXED-LENGTH DATA ELEMENTS--GENERAL INFORMATION
fixed length control field 090623c2015 xxkar p 0 a0eng u
022 1# - INTERNATIONAL STANDARD SERIAL NUMBER
International Standard Serial Number 1752-8720
ISSN-L 1759-3360
035 ## - SYSTEM CONTROL NUMBER
System control number (Sirsi) u158937
041 0# - LANGUAGE CODE
Language code of text/sound track or separate title eng
110 2# - MAIN ENTRY--CORPORATE NAME
Corporate name or jurisdiction name as entry element Royal Institution of Chartered Surveyors
9 (RLIN) 4900
245 00 - TITLE STATEMENT
Title International student built environment journal
260 ## - PUBLICATION, DISTRIBUTION, ETC.
Place of publication, distribution, etc. London
Name of publisher, distributor, etc. RICS
Date of publication, distribution, etc. 2015-
362 0# - DATES OF PUBLICATION AND/OR SEQUENTIAL DESIGNATION
Dates of publication and/or sequential designation 2015-
520 ## - SUMMARY, ETC.
Summary, etc. Dedicated to the global student community, this journal aims to provide undergraduates considering careers in the built environment with the very latest developments, both within the various disciplines and the paths to graduate qualification. Articles focus on the range of expertise that RICS offers to students entering the quantity surveying and project management sector, and how the organisation supports industry professionals throughout their careers.
651 #4 - SUBJECT ADDED ENTRY--GEOGRAPHIC NAME
Geographic name United Kingdom
Chronological subdivision
690 ## - LOCAL SUBJECT ADDED ENTRY--TOPICAL TERM (OCLC, RLIN)
Topical term or geographic name as entry element CAREERS, EDUCATION AND TRAINING-CAREERS IN SURVEYING-CAREERS IN CONSTRUCTION
856 48 - ELECTRONIC LOCATION AND ACCESS
Uniform Resource Identifier <a href="https://www.rics.org/uk/news/journals/construction-journal/">https://www.rics.org/uk/news/journals/construction-journal/</a>
Public note View the journal free of charge at www.rics.org...
942 ## - ADDED ENTRY ELEMENTS (KOHA)
Suppress in OPAC 0
Holdings
Withdrawn status Lost status Source of classification or shelving scheme Damaged status Not for loan Home library Current library Shelving location Date acquired Total Checkouts Full call number Barcode Date last seen Price effective from Koha item type
    Dewey Decimal Classification     Virtual Virtual Online 16/10/2015   INTERNATIONAL STUDENT BUILT ENVIRONMENT 158937-2001 06/08/2019 06/08/2019 Journal